Human resource management : (Record no. 5823)

MARC details
000 -LEADER
fixed length control field 00496cam a2200181ua 4500
008 - FIXED-LENGTH DATA ELEMENTS--GENERAL INFORMATION
fixed length control field 140308n ii |||gr||||Z||||||eng
020 ## - INTERNATIONAL STANDARD BOOK NUMBER
International Standard Book Number 81-219-2300-X
040 ## - CATALOGING SOURCE
Transcribing agency MAIN
082 ## - DEWEY DECIMAL CLASSIFICATION NUMBER
Classification number 658.3
245 ## - TITLE STATEMENT
Title Human resource management :
Remainder of title Text and cases /
Statement of responsibility, etc. By S.S. Khanka .
260 ## - PUBLICATION, DISTRIBUTION, ETC.
Place of publication, distribution, etc. New delhi:
Name of publisher, distributor, etc. S.Chand & company ltd.,
Date of publication, distribution, etc. 2013.
300 ## - PHYSICAL DESCRIPTION
Extent xii,447p.
700 ## - ADDED ENTRY--PERSONAL NAME
Personal name Khanka,S.S.,
Relator term
942 ## - ADDED ENTRY ELEMENTS (KOHA)
Koha item type Books
653 ## - INDEX TERM--UNCONTROLLED
Uncontrolled term General management
653 ## - INDEX TERM--UNCONTROLLED
Uncontrolled term Human resource management
Holdings
Withdrawn status Lost status Damaged status Not for loan Home library Current library Shelving location Date acquired Total Checkouts Full call number Barcode Date last seen Date last checked out Copy number Price effective from Koha item type
        Central Library, Naharkatiya College Central Library, Naharkatiya College General Stacks 19/09/2020 5 658.3 | KHA 22105 04/10/2024 24/09/2024 1 19/09/2020 Books

Naharkatiya College © 2020. All rights reserved.

Powered By